Biblioteca

The Formation of the gospel tradition (Registro nro. 45612)

Detalles MARC
000 -LÍDER
Campo fijo de descripción fija 012520000a22002890004500
001 - NÚMERO DE CONTROL
Campo de control 19241
003 - IDENTIFICADOR DEL NÚMERO DE CONTROL
Campo de control CO-MdFUSB
005 - FECHA Y HORA DE LA ULTIMA TRANSACCIÓN
control field 20180509112741.0
008 - ELEMENTOS DE LONGITUD FIJA -- INFORMACIÓN GENERAL
Campo fijo de descripción fija -- Información general 180509t1933 enk||||g |||| 00| 0 eng d
040 ## - FUENTE DE CATALOGACIÓN
Agencia de catalogación original CO-MdFUSB
Idioma de catalogación spa
Agencia que realiza la transcripción CO-MdFUSB
Agencia que realiza la modificación CO-MdFUSB
Convenciones de la descripción rda
041 ## - CÓDIGO DE IDIOMA
Código de idioma para texto/pista de sonido o título separado eng
082 ## - NÚMERO DE CLASIFICACIÓN DECIMAL DEWEY
Número de la edición del Dewey 24
Número de clasificación G 226
Clave de autor-Numero de item T238f
100 1# - ASIENTO PRINCIPAL--NOMBRE PERSONAL
Nombre personal Taylor, Vincent
Término relacionador autor
245 14 - TÍTULO
Título del Material The Formation of the gospel tradition
Parte restante del título - Subtitulo : Eight lectures
Mención de responsabilidad, etc. / Vincent Taylor
260 ## - PUBLICACIÓN, DISTRIBUCIÓN, ETC. (PIE DE IMPRENTA)
Lugar de publicación, distribución, etc.
264 #1 - PRODUCCIÓN, PUBLICACIÓN, DISTRIBUCIÓN, MANUFACTURA, Y COPYRIGHT
Lugar de producción, publicación, distribución, manufactura London :
Nombre del productor, publicador, distribuidor Macmillan,
Fecha de producción, publicación, distribución, manufactura, o copyright ℗1933
300 ## - DESCRIPCIÓN FÍSICA
Extensión 214 páginas
Otros detalles físicos :
Dimensiones ;
336 ## - TIPO DE CONTENIDO
Fuente rdacontent
Término de tipo de contenido texto
Código de tipo de contenido txt
337 ## - TIPO DE MEDIO
Fuente rdamedia
Nombre del tipo de medio sin mediación
Código del tipo de medio n
338 ## - TIPO DE SOPORTE
Fuente rdacarrier
Nombre del tipo de soporte volumen
Código Tipo de soporte nc
501 ## - NOTA DE “CON”
Nota de Contenido Incluye índice (p. 211-214)
505 0# - NOTA DE CONTENIDO
Nota de contenido con formato preestablecido La formación de la tradición del evangelio -- Un estudio de investigación reciente -- El proceso formativo en las comunidades primitivas -- Los relatos de la pasión -- Las historias de pronunciamiento -- Los dichos y las parábolas -- Las historias de milagros -- Las historias sobre Jesús -- La aparición de los evangelios -- La hipótesis de proto-Lucas y algunas críticas recientes -- Las tendencias de la transmisión oral
563 ## - NOTA DE ENCUADERNACIÓN
Nota de encuadernación Pasta dura
630 07 - TITULO UNIFORME
Título uniforme Biblia.
Nombre de parte o sección de la obra Evangelios
942 ## - TIPO DE MATERIAL (KOHA)
Tipo de Item KOHA Libros General
Existencias
Estado de Material Estado de Perdido Forma de Clasificación Estado de Dañado No para Préstamo Colección Tomo Biblioteca de Origen Biblioteca Permanente Fecha de Adquisición Total de Préstamos Signatura Topográfica Código de Barras Última vez visto Ejemplar/Existencia Fecha de Remplazo Tipo de Material
    Dewey Decimal Classification     Colección General   Biblioteca FUSBC Biblioteca FUSBC 16/03/2015   G 226 T238f 19271 12/12/2019 Ej. 1 26/01/2016 Libros General

Biblioteca FUSBC | Teléfono: (57+4) 349 88 10 Ext. 141| WhatsApp (+57) 3005338115 
E-mail: biblioteca@unisbc.edu.co | Calle 76 87-14 Robledo Palenque, Medellín, Colombia

Con tecnología Koha